• 首页
  • 本馆介绍
  • 公告通知
  • 最新文献
  • 馆藏检索
  • 电子资源
  • 读者荐购
  • 参考咨询
  • CALIS
  • 我的图书馆
  • 登录
  • 详细信息显示
  • 放入我的书架
  • 预约/预借图书
  • 作者相关作品
  • 分类相关作品
  • 丛书相关作品
  • 出版社相关作品

书目信息

  • 表格格式
  • 工作单格式
  • 卡片格式
题名:
英汉翻译理论与实践教程
    
 
作者: 何江波 编著
分册:  
出版信息: 长沙   湖南大学出版社  2010.03
页数: 188页
开本: 26cm
丛书名:
单 册:
中图分类: H315.9
科图分类:
主题词: 英语--ying yu--翻译理论--高等学校--教材
电子资源:
ISBN: 978-7-81113-764-4
 
 
 
 
 
000 01082nam0 2200265 450
001 012010781548
005 20100805165341.81
010    @a978-7-81113-764-4@dCNY25.00
100    @a20100805d2010 em y0chiy0120 ea
101 0  @achi@aeng
102    @aCN@b430000
105    @ay a 000yy
106    @ar
200 1  @a英汉翻译理论与实践教程@Aying han fan yi li lun yu shi jian jiao cheng@d= A coursebook on English-Chinese translation theory and practice@f何江波编著@Fhe jiang bo bian zhu@zeng
210    @a长沙@c湖南大学出版社@d2010.03
215    @a188页@d26cm
300    @a研究生教育创新工程教材
320    @a有书目 (第187-188页)
330    @a本书针对高等院校翻译理论与实践课程教学的实际需要而编写。采用理论阐述例句分析相结合的方式,阐明了英汉互译的基本原理及原则,指出了英汉互译的提高在实践技能的训练。
510 1  @aCoursebook on English-Chinese translation theory and practice@zeng
606 0  @a英语@Aying yu@x翻译理论@x高等学校@j教材
690    @aH315.9@v4
701  0 @a何江波@Ahe jiang bo@4编著
801  0 @aCN@bQSSK@c20100805
905    @b786220-22@dH315.9@eH180@f3
    
    英汉翻译理论与实践教程= A coursebook on English-Chinese translation theory and practice/何江波编著.-长沙:湖南大学出版社,2010.03
    188页;26cm
    研究生教育创新工程教材
    
    ISBN 978-7-81113-764-4:CNY25.00
    本书针对高等院校翻译理论与实践课程教学的实际需要而编写。采用理论阐述例句分析相结合的方式,阐明了英汉互译的基本原理及原则,指出了英汉互译的提高在实践技能的训练。
●
相关链接 在E读中查询图书 在当当中查询图书 在豆瓣中查询图书


正题名:英汉翻译理论与实践教程     索取号:H315.9/H180         预约/预借

序号 登录号 条形码 馆藏地/架位号 状态 备注
1 786220   207862204   语言库209/209语言库 9排2列5层/ [索取号:H315.9/H180] 在馆    
2 786221   207862213   语言库209/209语言库 9排2列5层/ [索取号:H315.9/H180] 在馆    
3 786222   207862222   语言库209/ [索取号:H315.9/H180] 在馆    
河南城建学院图书馆 欢迎您!
大连网信软件有限公司© 版权所有